Bayer Leverkusen - Bundesliga-Rekordspieler (TOP 50) - Statistiken

Allgemein
  • Dieses Quiz wurde 106 mal gespielt
  • Das Durchschnittsergebnis liegt bei 20 aus 50
Antwortstatistiken
Platz Name Nation Geburtstag Einsätze % Korrekt
3 Stefan Kießling Deutschland 25.01.1984 344
85%
2 Ulf Kirsten Deutschland 04.12.1965 350
84%
28 Lukas Hradecky Finnland / Slowakei 24.11.1989 160
78%
8 Bernd Schneider Deutschland 17.11.1973 263
68%
32 Dimitar Berbatov Bulgarien 30.01.1981 154
66%
50 Leon Bailey Jamaika 09.08.1997 119
66%
22 Bum-kun Cha Südkorea 22.05.1953 185
65%
12 Jonathan Tah Deutschland 11.02.1996 227
63%
6 Simon Rolfes Deutschland 21.01.1982 288
63%
13 Karim Bellarabi Deutschland / Marokko 08.04.1990 215
62%
1 Rüdiger Vollborn Deutschland 12.02.1963 401
61%
11 Jens Nowotny Deutschland 11.01.1974 231
58%
9 Lars Bender Deutschland 27.04.1989 256
58%
45 Moussa Diaby Frankreich / Mali 07.07.1999 125
57%
4 Carsten Ramelow Deutschland 20.03.1974 333
56%
10 Bernd Leno Deutschland 04.03.1992 233
54%
7 Gonzalo Castro Deutschland / Spanien 11.06.1987 286
54%
24 Charles Aránguiz Chile 17.04.1989 168
52%
17 Hans Jörg Butt Deutschland 28.05.1974 191
52%
26 Julian Brandt Deutschland 02.05.1996 165
49%
40 René Adler Deutschland 15.01.1985 138
49%
20 Tranquillo Barnetta Schweiz / Italien 22.05.1985 187
47%
44 Lucas Alario Argentinien / Italien 08.10.1992 126
43%
14 Christian Wörns Deutschland 10.05.1972 211
41%
49 Paulo Sérgio Brasilien 02.06.1969 121
41%
21 Wendell Brasilien 20.07.1993 186
41%
25 Oliver Neuville Deutschland 01.05.1973 165
39%
27 Andreas Thom Deutschland 07.09.1965 161
38%
42 Michal Kadlec Tschechien 13.12.1984 128
37%
31 Ömer Toprak Türkei / Deutschland 21.07.1989 154
34%
43 Robert Kovac Kroatien 06.04.1974 127
34%
47 Diego Placente Argentinien / Italien 24.04.1977 123
33%
38 Juan Brasilien 01.02.1979 139
30%
5 Thomas Hörster Deutschland 27.11.1956 332
28%
16 Christian Schreier Deutschland 04.02.1959 203
25%
19 Markus Happe Deutschland 11.02.1972 188
24%
15 Herbert Waas Deutschland 08.09.1963 209
23%
23 Ioan Lupescu Rumänien 09.12.1968 183
22%
37 Marko Babic Kroatien 28.01.1981 144
20%
35 Manuel Friedrich Deutschland 13.09.1979 147
19%
34 Stefan Reinartz Deutschland 01.01.1989 148
19%
18 Jürgen Gelsdorf Deutschland 19.01.1953 189
16%
39 Hans-Peter Lehnhoff Deutschland 12.07.1963 139
15%
36 Boris Zivkovic Kroatien 15.11.1975 144
14%
48 Andrzej Buncol Polen / Deutschland 21.09.1959 122
13%
29 Alois Reinhardt Deutschland 18.11.1961 159
10%
30 Martin Kree Deutschland 27.01.1965 156
10%
41 Walter Posner Deutschland 22.02.1953 134
8%
33 Andreas Fischer Deutschland 20.10.1964 152
6%
46 Wolfgang Vöge Deutschland 15.09.1955 125
5%
Keine übereinstimmenden Quizze gefunden
Verteilung der Resultate
Anzahl Personen mit jedem Resultat
Perzentil nach korrekt beantworteten Fragen
Ihre Resultats-Entwicklung
Sie haben dieses Quiz noch nicht gespielt